| 000 | 00710nam a22002177a 4500 | ||
|---|---|---|---|
| 005 | 20170124110026.0 | ||
| 010 | _aB-058629 | ||
| 020 |
_c00.00 _a8173914443 |
||
| 035 | _aB-058629 | ||
| 037 | _bCen Lib/Ret | ||
| 040 |
_aDPL _bEN |
||
| 082 |
_a332.1 _bBAN |
||
| 245 |
_aBanking in the new millennium : _cedited by S. Guruswamy _bissues, challenges and strategies / |
||
| 260 |
_aNew Delhi _bKanishka Publishers _c2001 |
||
| 270 |
_bNew Delhi _a4697/5-21A, ansari road, dariya ganj _e110002 |
||
| 300 |
_axv, 311p. _c21cm(Hb) |
||
| 650 |
_aBanking _920725 |
||
| 650 |
_aIndian banking system _xDevelopment _920726 |
||
| 700 |
_aGuruswamy, S. _920713 |
||
| 942 |
_2ddc _cEN _h332.1 _mBAN |
||
| 999 |
_c127520 _d127520 |
||